000 00629nam a22001577a 4500
003 OSt
005 20151025103918.0
008 151025b xxu||||| |||| 00| 0 eng d
040 _cRUA
082 _aAVM SOT 2013 B109 Or.1
100 _92849
_aSOTHUN, VICHERA.
245 _aStudy on rabies cases in Pasteur institute of Cambodia, ការសិក្សាជំងឺឆ្កែឆ្កួតក្នុងវីទ្យាស្ថានប៉ាស្ទ័រនៃព្រះរាជាណាចក្រកម្ពុជា
260 _aPhnom Penh
_bRUA
_c2013
300 _ax; 47p.
_bill.
_c29cm.
942 _2ddc
_cAVM
999 _c2667
_d2667